书目信息 |
| 题名: |
物业管理
|
|
| 作者: | 胡艳曦编 | |
| 分册: | ||
| 出版信息: | 北京 中国建筑工业出版社 1997.07 |
|
| 页数: | 177页 | |
| 开本: | 16开 | |
| 丛书名: | ||
| 单 册: | ||
| 中图分类: | F293.3 | |
| 科图分类: | ||
| 主题词: | ||
| 电子资源: | ||
| ISBN: | 7-112-03163-X | |
| 000 | 00423nam0 2200157 45 | |
| 001 | 0199008150 | |
| 005 | 20081027145351.93 | |
| 010 | @a7-112-03163-X@d16.00元 | |
| 100 | @a19990804d km y0chiy0120 ea | |
| 101 | 0 | @achi |
| 200 | 1 | @AWU YE GUAN LI@FHU YAN XI BIAN@a物业管理@f胡艳曦编 |
| 210 | @a北京@c中国建筑工业出版社@d1997.07 | |
| 215 | @a177页@c无图表@d16开 | |
| 690 | @aF293.3 | |
| 801 | 0 | @c20081027 |
| 905 | @dF293.3@eH903@f2 | |
| 物业管理/胡艳曦编.-北京:中国建筑工业出版社,1997.07 |
| 177页:无图表;16开 |
| ISBN 7-112-03163-X:16.00元 |
| ● |
| 相关链接 |
|
|
|
正题名:物业管理
索取号:F293.3/H903
 
预约/预借
| 序号 | 登录号 | 条形码 | 馆藏地/架位号 | 状态 | 备注 |
| 1 | 34255. | 200254045 | 社科二线422/422社科库 17排1列1层/ [索取号:F293.3/H903] | 在馆 | |
| 2 | 444288 | 204442889 | 管理学院资料室/ [索取号:F293.3/H903] | 在馆 | |
| 3 | 459735 | 204597356 | 社科库409/409社科库 107排2列3层/ [索取号:F293.3/H903] | 在馆 |